Angažovanosť ľudí a ich kompetentnosť v systémoch manažérstva kvality

Systém manažérstva kvality a úspešné fungovanie organizácie. Osem základných a komplexných pravidiel prvevádzkovania organizácie. Manažérske faktory a kľúčové stratégie manažmentu. Kompetentnosťa angažovanosť pracovníkov. Rovnováha a kvalita zainteresovaných ľudí. Analýza potrieb a odstraňovanie mož...

Ausführliche Beschreibung

Gespeichert in:
Bibliographische Detailangaben
1. Verfasser: Bílý, Matej
Weitere Verfasser: Šalgovičová, Jarmila
Format: Buchkapitel
Sprache:Slowakisch
Schlagworte:
Tags: Tag hinzufügen
Keine Tags, Fügen Sie das erste Tag hinzu!

MARC

LEADER 00000naa$a2200000$$$4500
001 0101483
005 20231012070154.4
041 0 |a slo 
044 |a SK 
245 1 0 |a Angažovanosť ľudí a ich kompetentnosť v systémoch manažérstva kvality  |c Matej Bílý, Jarmila Šalgovičová 
520 |a Systém manažérstva kvality a úspešné fungovanie organizácie. Osem základných a komplexných pravidiel prvevádzkovania organizácie. Manažérske faktory a kľúčové stratégie manažmentu. Kompetentnosťa angažovanosť pracovníkov. Rovnováha a kvalita zainteresovaných ľudí. Analýza potrieb a odstraňovanie možných nedostatkov. 
610 2 0 |a výkonnosť 
610 2 0 |a spolupracovníci 
610 2 0 |a kompetencie 
610 2 0 |a kvalita 
610 2 0 |a manažment 
610 2 0 |a odbornosť 
610 2 0 |a procesy podnikové 
100 1 |a Bílý, Matej 
700 1 |a Šalgovičová, Jarmila